| 000 | 005100000a22001930004500 | ||
|---|---|---|---|
| 001 | 002754 | ||
| 003 | MACL | ||
| 005 | 20150828114603.0 | ||
| 008 | 150828b xxu||||| |||| 00| 0 eng d | ||
| 040 |
_aMACL _cMACL |
||
| 041 | _aEnglish | ||
| 082 | _a780/VET | ||
| 100 |
_aKulendram, Gnanambikai _97790 |
||
| 245 |
_aGanaanaa Gaanam _bStudies In Music And Dance _cGnanambikai Kulendram |
||
| 260 |
_c2003 _bThe Felicitation Volume Committee, |
||
| 350 | _a800 | ||
| 650 |
_aMusic _97791 |
||
| 942 |
_k780 _cBK _2ddc |
||
| 999 |
_c14663 _d14663 |
||